Statistics for Subdivisions in Cascadia

Click here to take the quiz!

General Stats

  • This quiz has been taken 22 times
  • The average score is 11 of 11

Answer Stats

Answer% Correct
Alaska
100%
British Columbia
100%
Idaho
100%
Montana
100%
Oregon
100%
Washington
100%
Wyoming
100%
California
95%
Nevada
90%
Yukon Territory
90%
Utah
85%

Score Distribution

Percentile by Number Answered

Percent of People with Each Score

Your Score History

You have not taken this quiz